| 000 | 01402nam a2200385Ii 4500 | ||
|---|---|---|---|
| 001 | DIGLANTIA0002 | ||
| 003 | NyNyDIG | ||
| 007 | cr ||||||||||| | ||
| 008 | 230414s2019 sp a ob 000 j spa d | ||
| 006 | m o d | ||
| 020 |
_a9788491120681 _qeBook |
||
| 020 | _z9788491120674 | ||
| 035 | _a(OCoLC)1155923874 | ||
| 040 |
_aDGITA _beng _erda _epn _cDGITA |
||
| 050 | 1 | 4 | _aPQ6705.S63 ebook |
| 100 | 1 |
_aEspinar Cano, Miriam, _eauthor. |
|
| 245 | 1 | 3 |
_aEl señor Regleta / _cMiriam Espinar Cano. |
| 264 | 1 |
_a[España] : _bCaligrama, _c[2019] |
|
| 300 |
_a1 online resource : _billustrations. |
||
| 336 |
_atext _btxt _2rdacontent |
||
| 337 |
_acomputer _bc _2rdamedia |
||
| 338 |
_aonline resource _bcr _2rdacarrier |
||
| 347 |
_atext file _2rdaft |
||
| 347 | _bEPUB | ||
| 504 | _aIncludes bibliographical references. | ||
| 588 | 0 | _aOnline resource; title from ePub title page (Digitalia, viewed April 14, 2023) | |
| 650 | 0 |
_aMathematics _xStudy and teaching (Elementary) |
|
| 655 | 7 |
_aShort stories. _2lcgft |
|
| 791 | 2 |
_aDigitalia (Firm), _edistributor. |
|
| 793 | 0 |
_gDigitalia eBook Collection: _aLantia |
|
| 776 | 0 | 8 |
_iPrint version: _aEspinar Cano, Miriam. _tSeñor Regleta. _bSegunda edición. _d[España] : Caligrama, [2019] _z9788491120674 |
| 856 | 4 | 0 |
_3Digitalia Hispánica _uhttps://www.digitaliapublishing.com/a/120383/ |
| 910 | _aPremium collection: 2023 | ||
| 942 | _cRAA | ||
| 999 |
_c276176 _d276176 |
||